000 00483nam a2200145 4500
999 _c11039
_d11039
008 181009b ||||| |||| 00| 0 eng d
022 _a2094-8042
082 _aDPer 370.105 M72 Jan-Dec 2011 v59-60
100 _932010
_aGutierrez, Daniel C.
245 _aSa pasko mapalad ang nagbibigay/
_cDaniel C. Gutierrez.
260 _aPhilippines:
_bIn the Grade School, Inc.,
_cc2011.
300 _av60 n7, page 301:
_billustrations;
_c27cm.
650 0 _932012
_aPoetry.
942 _2ddc
_cPER